Normal view
MARC view
- المخيمات العهد الهاشمي الرابع - الاردن
Entry Topical Term
001 - CONTROL NUMBER
- control field: 50087
003 - CONTROL NUMBER IDENTIFIER
- control field: JO-AjAnu
005 - DATE AND TIME OF LATEST TRANSACTION
- control field: 20230606082241.0
008 - FIXED-LENGTH DATA ELEMENTS
- fixed length control field: 230606|| aca||aabn | a|a d
040 ## - CATALOGING SOURCE
- Original cataloging agency: JO-AjAnu
- Transcribing agency: JO-AjAnu
150 ## - HEADING--TOPICAL TERM
- Topical term or geographic name entry element: المخيمات العهد الهاشمي الرابع - الاردن
670 ## - SOURCE DATA FOUND
- Source citation: Work cat.: (JO-AjAnu)25608: الصقر، عوض سعود؛ مراجعة وتدقيق محمد خير البشتاوي, author 50086, المخيمات في العهد الهاشمي الرابع